Running and Maintenance of the marine diesel engine / (Record no. 2876)

000 -LEADER
fixed length control field 00551nam a2200157 4500
008 - FIXED-LENGTH DATA ELEMENTS--GENERAL INFORMATION
fixed length control field 200317b ||||| |||| 00| 0 eng d
082 00 - DEWEY DECIMAL CLASSIFICATION NUMBER
Classification number 623.87236
Item number L2181
100 ## - MAIN ENTRY--PERSONAL NAME
9 (RLIN) 785
Personal name Lamb, John
245 10 - TITLE STATEMENT
Title Running and Maintenance of the marine diesel engine /
250 ## - EDITION STATEMENT
Edition statement 6th ed.
260 ## - PUBLICATION, DISTRIBUTION, ETC. (IMPRINT)
Place of publication, distribution, etc London
Name of publisher, distributor, etc Charles Griffin & Co
Date of publication, distribution, etc 1957
300 ## - PHYSICAL DESCRIPTION
Extent vii, 432 p.
500 ## - GENERAL NOTE
General note A reference book for engineers of the merchant navy and those seeking a working knowledge of marine diesel engines
650 #0 - SUBJECT ADDED ENTRY--TOPICAL TERM
Topical term or geographic name as entry element Marine Diesel Motors
942 ## - ADDED ENTRY ELEMENTS (KOHA)
Source of classification or shelving scheme
Item type Books
Holdings
Withdrawn status Lost status Source of classification or shelving scheme Damaged status Not for loan Permanent location Current location Date acquired Full call number Barcode Date last seen Koha item type Total Checkouts Date last borrowed
          IMU Kolkata IMU Kolkata 1978-10-24 623.87236 L2181 05007 2020-03-17 Books    
          IMU Kolkata IMU Kolkata 1978-10-24 623.87236 L2181 05008 2020-03-17 Books    
          IMU Kolkata IMU Kolkata 2020-03-31 623.87236 L2181 05850 2020-03-31 Books    
          IMU Kolkata IMU Kolkata 2020-04-08 623.87236 L2181 05927 2020-04-08 Books    
          IMU Kolkata IMU Kolkata 2020-06-19 623.87236 L2181 06497 2020-06-19 Books    
          IMU Kolkata IMU Kolkata 2020-06-26 623.87236 L2181 06662 2023-03-07 Books 1 2023-02-22
          IMU Kolkata IMU Kolkata 2020-06-26 623.87236 L2181 06663 2020-06-26 Books    
          IMU Kolkata IMU Kolkata 2020-07-03 623.87236 L2181 06892 2020-07-03 Books    
Designed and Maintained by IMU-KC Library, Kolkata Campus © Copyright All Rights Reserved

webs counters

Powered by Koha